| 000 | 00728nam a22001697a 4500 | ||
|---|---|---|---|
| 003 | JO-AjAnu | ||
| 005 | 20240914103309.0 | ||
| 008 | 240909b jo ||||| |||| 00| 0 ara d | ||
| 040 |
_aJO-AjAnu _bARA _cJO-AjAnu |
||
| 041 | _hARA | ||
| 100 |
_aجمعية القيادات الإدارية الأردنية _eمعد _966180 |
||
| 245 |
_aالمؤتمر السادس "أضواء على خطة تطوير القطاع العام" _c/ اعداد جمعية القيادات الإدارية الأردنية |
||
| 260 |
_aعمان: _bجمعية القيادات الإدارية الأردنية، _c2023 |
||
| 300 | _a109 صفحة | ||
| 650 | 0 |
_aالتطوير الاداري في القطاع العام _966202 |
|
| 942 |
_2lcc _cBK _n0 |
||
| 999 |
_c33669 _d33669 |
||